[Event "IPCA World 16th"]
[Site "Novi Sad"]
[Date "2016.07.23"]
[Round "2.12"]
[White "Alekseev, Mikhail1"]
[Black "Sanjeev, G Hammannavar"]
[Result "1-0"]
[WhiteElo "1743"]
[BlackElo "1089"]
[PlyCount "57"]
[EventDate "2016.07.22"]
[EventType "swiss"]
[EventRounds "9"]
[EventCountry "SRB"]
[SourceTitle "EXT 2024"]
[Source "ChessBase"]
[SourceDate "2023.10.10"]
[SourceVersion "1"]
[SourceVersionDate "2023.10.10"]
[SourceQuality "1"]

1. e4 c5 2. Nf3 Nc6 3. d4 cxd4 4. Nxd4 e5 5. Nb5 d6 6. N1c3 a6 7. Na3 Nf6 8. Bg5 Be7 9. Bxf6 Bxf6 10. Nc4 Be7 11. Nd5 b5 12. Nxe7 Kxe7 13. Ne3 Be6 14. Be2 Re8 15. 0-0 Nd4 16. Bg4 Bxg4 17. Qxg4 Kf8 18. c3 Nc6 19. Rfd1 g6 20. Nd5 Kg7 21. Rd3 Ne7 22. Rad1 Nxd5 23. Rxd5 Re6 24. Qg3 Qf6 25. Qd3 Rd8 26. a4 Qe7 27. axb5 axb5 28. Qxb5 Qc7 29. Qd3 1-0